• 首页
  • 本馆介绍
  • 公告通知
  • 最新文献
  • 馆藏检索
  • 电子资源
  • 读者导购
  • 参考咨询
  • 我的图书馆
  • 登录
  • 详细信息显示
  • 放入我的书架
  • 预约/预借图书
  • 作者相关作品
  • 分类相关作品
  • 丛书相关作品
  • 出版社相关作品

书目信息

  • 表格格式
  • 工作单格式
  • 卡片格式
题名:
国际集装箱码头实务、法规与案例
    
 
作者: 杨志刚 , 王立坤 , 周鑫 编著
分册:  
出版信息: 北京   人民交通出版社  2009
页数: 408页
开本: 23cm
丛书名:
单 册:
中图分类: U656.1
科图分类:
主题词: 国际运输--集装箱运输--集装箱码头--管理 , 国际运输 , 集装箱运输 , 集装箱码头
电子资源:
ISBN: 978-7-114-07814-9
000 01046nam0 2200289 45
005 20100303144559.73
010    @a978-7-114-07814-9@dCNY44.00
100    @a20100121d2009 ekmy0chiy0120 ea
101 0  @achi@aeng
102    @aCN@b110000
105    @ay z 000yy
106    @ar
200 1  @a国际集装箱码头实务、法规与案例@AGuo Ji Ji Zhuang Xiang Ma Tou Shi Wu、 Fa Gui Yu An Li@f杨志刚,王立坤,周鑫编著@FYang Zhi Gang, Wang Li Kun, Zhou Xin Bian Zhu
210    @a北京@c人民交通出版社@d2009
215    @a408页@d23cm
300    @a上海市高等学校本科教育高地建设项目资助
330    @a本书比较详尽地以实务、法规及相关案例,对国际集装箱码头应有的实务运作、法律规范、风险管理作了深入浅出的叙述。
606 0  @a国际运输@x集装箱运输@x集装箱码头@x管理
606 0  @a国际运输
606 0  @a集装箱运输
606 0  @a集装箱码头
690    @aU656.1@v4
701  0 @a杨志刚@AYang Zhi Gang@4编著
701  0 @a王立坤@AWang Li Kun@4编著
701  0 @a周鑫@AZhou Xin@4编著
801  0 @aCN@bTANGWEI@c20100303
905    @b0585594-98@dU656.1@e195@f5
    
    国际集装箱码头实务、法规与案例/杨志刚,王立坤,周鑫编著.-北京:人民交通出版社,2009
    408页;23cm
    上海市高等学校本科教育高地建设项目资助
    
    ISBN 978-7-114-07814-9:CNY44.00
    本书比较详尽地以实务、法规及相关案例,对国际集装箱码头应有的实务运作、法律规范、风险管理作了深入浅出的叙述。
●
相关链接 在E读中查询图书 在五车中查询图书 在当当中查询图书 在豆瓣中查询图书


正题名:国际集装箱码头实务、法规与案例     索取号:U656.1/195         预约/预借

序号 登录号 条形码 馆藏地/架位号 状态 备注
1 0585594   205855948   第二样本阅览室/ [索取号:U656.1/195] 在馆    
2 0585595   205855957   第三借阅区/ [索取号:U656.1/195] 在馆    
3 0585596   205855966   第三借阅区/ [索取号:U656.1/195] 在馆    
4 0585597   205855975   第三借阅区/ [索取号:U656.1/195] 在馆    
5 0585598   205855984   第三借阅区/ [索取号:U656.1/195] 在馆    
唐山师范学院图书馆 欢迎您!
大连网信软件有限公司© 版权所有